| 000 | 00397cam a22001217a 4500 | ||
|---|---|---|---|
| 008 | 180718b1967 xxu||||| |||| 00| 0 eng d | ||
| 082 | _aU6x5433 CPU/P/1 | ||
| 100 | _aCommittee on Public Undertakings | ||
| 245 |
_aPunjab vidhan parishad _cby Committee on Public Undertakings, Punjab |
||
| 260 |
_aChandigarh _bGovernment Press _c1967 |
||
| 300 | _a33p | ||
| 700 | _aPunjab. Vidhan Parishad Secretariat | ||
| 999 |
_c498273 _d498273 |
||